000 00582nam a2200241Ia 4500
008 220204s9999 xx 000 0 und d
082 _a577.1
_bHAW
100 _aHawk, Philip Bovier
245 0 _aHawk's physiological chemistry
250 _aEd.14
260 _aNew Delhi
_bTata McGraw-Hill
_c1976
650 _aCarbohydrate
650 _aEnzyme
650 _aIsotopes
650 _aLipid
650 _aMetabolism
650 _aNucleic acid
650 _aPhysiological chemistry
650 _aProtein
650 _aRadioisotopes
650 _aVitamin
942 _cBK
999 _c27720
_d27720